00600 2200217 4500001002100000005001700021008004100038020002200079035002500101040001200126082001100138084002100149100001700170245005300187260003300240300002600273500003100299650001800330850001200348990002200360INLIS00000000001916820160412080948.0  a978-602-280-364-5 a0010-041600000000172 aYOPDYOG a297.35 aDEP 297.35 War B aWARJO, 1972- aBimbingan ibadahb: intelektual muslimc/ Warjo. aYogyakartabDeepublishc2014 axv, 176 hlm.c; 20 cm aBibliografi : hlm. 175-176 aSalat-pedoman aYOPDYOG aCB-D.11/2014-2076